| 000 | 00457nam a2200169Ia 4500 | ||
|---|---|---|---|
| 999 |
_c195 _d195 |
||
| 003 | OSt | ||
| 005 | 20210908104622.0 | ||
| 008 | 190216s9999||||xx |||||||||||||| ||und|| | ||
| 040 | _coclc | ||
| 082 |
_a510 _bBAR/U |
||
| 100 |
_aBardeeth, Moulana Mohamed _98805 |
||
| 245 | 0 |
_aUqltdas / _cMoulana Mohamed Bardeeth |
|
| 260 |
_bKitab Bhavan, _aNew Delhi: |
||
| 300 | _a96p | ||
| 650 | _aArabic | ||
| 942 |
_cBK _2ddc _h510 _iBAR/U _k510 _mBAR/U |
||